[Event "Carlos Torre Memorial op 32nd"]
[Site "Merida"]
[Date "2022.12.18"]
[Round "4"]
[White "Ocampo Betancur, Cristina Angela"]
[Black "Zacarias Rodriguez, Santiago"]
[Result "1/2-1/2"]
[WhiteElo "1959"]
[BlackElo "2098"]
[PlyCount "123"]
[EventDate "2022.12.16"]
[EventType "swiss"]
[EventRounds "9"]
[EventCountry "MEX"]
[SourceTitle "CBM 212 Extra"]
[Source "ChessBase"]
[SourceDate "2023.03.31"]
[SourceVersion "1"]
[SourceVersionDate "2023.03.31"]
[SourceQuality "1"]

1. e4 c5 2. Nf3 Nc6 3. d4 cxd4 4. Nxd4 Nf6 5. Nc3 e5 6. Ndb5 d6 7. Nd5 Nxd5 8. exd5 Nb8 9. a4 Be7 10. Bd2 0-0 11. Be2 f5 12. 0-0 f4 13. c4 Rf6 14. Bc3 a6 15. Na3 Nd7 16. b4 Rh6 17. c5 Bf8 18. Bg4 Nf6 19. Bxc8 Rxc8 20. Nc4 Ne4 21. Qd3 Qh4 22. h3 Nxc3 23. Qxc3 e4 24. f3 dxc5 25. Nd2 e3 26. Ne4 Qd8 27. bxc5 Qxd5 28. Rfd1 Qf5 29. Qb3+ Kh8 30. Nd6 Bxd6 31. Rxd6 Qe5 32. Rad1 Rxd6 33. cxd6 e2 34. Re1 Qd4+ 35. Kh2 Qxd6 36. Rxe2 Qg6 37. Qd1 h6 38. Rd2 Kh7 39. Rd6 Qf5 40. Rd7 b6 41. Qd4 Qg5 42. Qe4+ Kh8 43. Rd1 b5 44. Qb7 Rc4 45. Qxa6 Rxa4 46. Qc8+ Kh7 47. Qc2+ Qg6 48. Qb3 Qf5 49. Rd5 Qg6 50. Rd1 Ra5 51. Qb4 Ra2 52. Rg1 Qf5 53. Rb1 Qg6 54. Rg1 Qf5 55. Rb1 Qc2 56. Rg1 Qc4 57. Qf8 b4 58. Qf5+ Kh8 59. Qf8+ Kh7 60. Qf5+ Kg8 61. Re1 Ra8 62. Re4 1/2-1/2

[Event "COL-chT Blitz (Women)"]
[Site "Santa Marta"]
[Date "2022.11.07"]
[Round "3.3"]
[White "Durango Gomez, Daniela Andrea"]
[Black "Ocampo Betancur, Cristina Angela"]
[Result "0-1"]
[WhiteElo "1594"]
[BlackElo "1919"]
[PlyCount "36"]
[EventDate "2022.11.07"]
[EventType "team-swiss"]
[EventRounds "9"]
[EventCountry "COL"]
[SourceTitle "CBM 211 Extra"]
[Source "ChessBase"]
[SourceDate "2023.01.31"]
[SourceVersion "1"]
[SourceVersionDate "2023.01.31"]
[SourceQuality "1"]
[WhiteTeam "Cordoba (W)"]
[BlackTeam "Risaralda (W)"]
[WhiteTeamCountry "COL"]
[BlackTeamCountry "COL"]

1. e4 e5 2. Nf3 Nc6 3. Nc3 Nf6 4. Bc4 Bb4 5. 0-0 0-0 6. a3 Bc5 7. b4 Bb6 8. Bb2 d6 9. Ne2 Bg4 10. Ng3 Nd4 11. h3 Nxf3+ 12. gxf3 Bxh3 13. Re1 Nh5 14. Kh2 Nf4 15. Rg1 Bxf2 16. Rf1 Bxg3+ 17. Kxg3 Qg5+ 18. Kh2 Qg2# 0-1

[Event "COL-chT (Women)"]
[Site "Santa Marta"]
[Date "2022.11.05"]
[Round "7.1"]
[White "Ocampo Betancur, Cristina Angela"]
[Black "Argote Heredia, Valentina"]
[Result "0-1"]
[WhiteElo "1956"]
[BlackElo "2140"]
[PlyCount "144"]
[EventDate "2022.11.02"]
[EventType "team-swiss"]
[EventRounds "7"]
[EventCountry "COL"]
[SourceTitle "CBM 211 Extra"]
[Source "ChessBase"]
[SourceDate "2023.01.31"]
[SourceVersion "1"]
[SourceVersionDate "2023.01.31"]
[SourceQuality "1"]
[WhiteTeam "Risaralda (W)"]
[BlackTeam "Valle (W)"]
[WhiteTeamCountry "COL"]
[BlackTeamCountry "COL"]

1. e4 c5 2. Nf3 e6 3. d4 cxd4 4. Nxd4 a6 5. Bd3 Bc5 6. Nb3 Ba7 7. Qe2 Nc6 8. c3 Nge7 9. Be3 Qc7 10. N1d2 Ng6 11. g3 Nce5 12. Bc2 b5 13. 0-0-0 Bxe3 14. Qxe3 0-0 15. h4 Nc4 16. Qe2 a5 17. h5 Nge5 18. f4 a4 19. fxe5 axb3 20. Bxb3 Nxe5 21. h6 g6 22. Nf3 Ba6 23. Nxe5 Qxe5 24. Rxd7 b4 25. c4 Rac8 26. Kb1 Qxg3 27. Rf1 Rc7 28. Rxc7 Qxc7 29. e5 Qc5 30. Rd1 Bb7 31. Bc2 Qe7 32. Qd2 Bf3 33. Rf1 Bc6 34. Qf4 Rd8 35. Qf2 Be8 36. Qb6 Rc8 37. b3 Qg5 38. Qb7 Rd8 39. Qb6 Qe7 40. Qf2 Bc6 41. Qb6 Be8 42. Qf2 Rd7 43. Qb6 Rd2 44. Qe3 Qd8 45. Qc5 Rh2 46. Qxb4 Rxh6 47. Rd1 Qa8 48. Qe7 Rh1 49. Rxh1 Qxh1+ 50. Kb2 Qa8 51. b4 Qb8 52. Qd6 Qb7 53. a4 h5 54. b5 h4 55. Qd8 h3 56. Qxe8+ Kg7 57. Qc6 Qe7 58. c5 Qg5 59. Be4 Qxe5+ 60. Kb3 f5 61. Bh1 Qe3+ 62. Kc4 Qc1+ 63. Kd4 Qa1+ 64. Ke3 Qe1+ 65. Kd3 Qb1+ 66. Ke2 Qc2+ 67. Ke1 Qc1+ 68. Kf2 Kf6 69. b6 Qd2+ 70. Kg3 g5 71. Kxh3 g4+ 72. Kh4 Qh2# 0-1

[Event "COL-ch U26 (Women)"]
[Site "Cali"]
[Date "2022.09.30"]
[Round "6"]
[White "Ocampo Betancur, Cristina Angela"]
[Black "Varela Garcia, Maria de los Angele"]
[Result "1-0"]
[WhiteElo "1909"]
[BlackElo "1778"]
[PlyCount "65"]
[EventDate "2022.09.28"]
[EventType "swiss"]
[EventRounds "6"]
[EventCountry "COL"]
[SourceTitle "CBM 210 Extra"]
[Source "ChessBase"]
[SourceDate "2022.11.30"]
[SourceVersion "1"]
[SourceVersionDate "2022.11.30"]
[SourceQuality "1"]

1. e4 c5 2. Nf3 e6 3. d4 cxd4 4. Nxd4 a6 5. Bd3 Qc7 6. Be3 Nf6 7. Nd2 d5 8. c3 Bd6 9. Qe2 Nbd7 10. exd5 Nxd5 11. Ne4 Be7 12. 0-0-0 N7f6 13. Kb1 h6 14. g3 e5 15. Nxf6+ Nxf6 16. Nf5 g6 17. Nxe7 Qxe7 18. f3 e4 19. Bc2 exf3 20. Qd2 Bd7 21. Rhe1 Be6 22. Bd4 0-0-0 23. Qf4 Nd5 24. Qxf3 Rhe8 25. Qf2 Qc7 26. Be5 Qa5 27. a3 Bg4 28. Rd4 h5 29. Rc4+ Kd7 30. Rc5 Nxc3+ 31. bxc3 Qb6+ 32. Ka1 Qe6 33. Rc7# 1-0

[Event "Pereira Fiestas de la Cosecha"]
[Site "Pereira"]
[Date "2022.08.24"]
[Round "2"]
[White "Borre Meza, Orlando David"]
[Black "Ocampo Betancur, Cristina Angela"]
[Result "1-0"]
[WhiteElo "1609"]
[BlackElo "1972"]
[PlyCount "73"]
[EventDate "2022.08.24"]
[EventType "swiss"]
[EventRounds "10"]
[EventCountry "COL"]
[SourceTitle "CBM 210 Extra"]
[Source "ChessBase"]
[SourceDate "2022.11.30"]
[SourceVersion "1"]
[SourceVersionDate "2022.11.30"]
[SourceQuality "1"]

1. Nf3 e6 2. g3 d5 3. Bg2 Nf6 4. 0-0 Be7 5. d3 0-0 6. Nbd2 c5 7. e4 Nc6 8. b3 b6 9. Bb2 Bb7 10. Re1 Re8 11. exd5 Nxd5 12. Nc4 Bf6 13. Bxf6 Nxf6 14. Ng5 Qc7 15. Ne4 Nxe4 16. Bxe4 Rad8 17. c3 Ne7 18. Qf3 Bxe4 19. dxe4 b5 20. Ne3 Qa5 21. Qe2 Nc6 22. Qc2 Ne5 23. Red1 h6 24. f4 Nc6 25. a4 b4 26. Nc4 Qc7 27. e5 bxc3 28. Qxc3 Nd4 29. Kf2 Qc6 30. Nd6 Qa6 31. Rd2 Rb8 32. Nxe8 Rxe8 33. Rad1 Rb8 34. Qxc5 Nf5 35. Rd8+ Rxd8 36. Rxd8+ Kh7 37. Qb5 1-0

[Event "COL-ch (Women)"]
[Site "Boyaca"]
[Date "2022.08.21"]
[Round "9"]
[White "Ocampo Betancur, Cristina Angela"]
[Black "Toro Castaneda, Elizabeth"]
[Result "0-1"]
[WhiteElo "1968"]
[BlackElo "1937"]
[PlyCount "122"]
[EventDate "2022.08.17"]
[EventType "swiss"]
[EventRounds "9"]
[EventCountry "COL"]
[SourceTitle "CBM 210 Extra"]
[Source "ChessBase"]
[SourceDate "2022.11.30"]
[SourceVersion "1"]
[SourceVersionDate "2022.11.30"]
[SourceQuality "1"]

1. e4 e5 2. Nf3 Nc6 3. Bb5 a6 4. Ba4 Nf6 5. 0-0 b5 6. Bb3 Bc5 7. c3 d6 8. a4 Rb8 9. d4 Bb6 10. h3 Bb7 11. Re1 h6 12. Bc2 0-0 13. Na3 bxa4 14. Nc4 exd4 15. cxd4 Nb4 16. Bb1 Bc6 17. Bd2 a5 18. Qc1 Re8 19. Nxb6 Rxb6 20. d5 Bb5 21. Bxh6 gxh6 22. Qxh6 Nh7 23. e5 Bd3 24. Bxd3 Nxd3 25. Rxa4 Nxe5 26. Nxe5 dxe5 27. Rg4+ Rg6 28. Rxg6+ fxg6 29. Qxg6+ Kh8 30. Re4 Re7 31. Rg4 Qxd5 32. Qa6 Rg7 33. Qc8+ Qg8 34. Qf5 Rxg4 35. hxg4 Qe8 36. Qc2 Qe7 37. Qc6 Kg7 38. Qb5 Nf6 39. Qxa5 Nxg4 40. g3 Qd6 41. Qa4 Nf6 42. Qa7 Qd1+ 43. Kg2 Qc2 44. Qa5 Ng4 45. Qa7 Qc6+ 46. Kg1 Qb6 47. Qxb6 cxb6 48. Kg2 Kf6 49. Kf3 Kf5 50. Ke2 e4 51. f3 exf3+ 52. Kxf3 Ne5+ 53. Ke2 Ke4 54. Kd2 Kd4 55. Kc2 Kc4 56. Kb1 Kb3 57. Ka1 b5 58. Kb1 b4 59. Kc1 Ka2 60. Kc2 b3+ 61. Kc3 Ng4 0-1

[Event "COL-ch (Women)"]
[Site "Boyaca"]
[Date "2022.08.19"]
[Round "6"]
[White "Ocampo Betancur, Cristina Angela"]
[Black "Ruiz Jaraba, Valentina Sofia"]
[Result "1/2-1/2"]
[WhiteElo "1968"]
[BlackElo "1816"]
[PlyCount "101"]
[EventDate "2022.08.17"]
[EventType "swiss"]
[EventRounds "9"]
[EventCountry "COL"]
[SourceTitle "CBM 210 Extra"]
[Source "ChessBase"]
[SourceDate "2022.11.30"]
[SourceVersion "1"]
[SourceVersionDate "2022.11.30"]
[SourceQuality "1"]

1. e4 c5 2. Nf3 a6 3. d4 cxd4 4. Qxd4 Nc6 5. Qe3 d6 6. h3 e6 7. Be2 Nf6 8. 0-0 Be7 9. Rd1 Qc7 10. c4 0-0 11. Nc3 b6 12. Bd2 Qa7 13. Rac1 Bb7 14. Qf4 Rac8 15. b3 Qb8 16. Be3 Nd7 17. Qg3 Rfd8 18. Nh2 Nce5 19. h4 Ba8 20. f4 Nc6 21. Ng4 Kh8 22. h5 h6 23. Bd3 Nf6 24. Nxf6 Bxf6 25. Qf2 Nb4 26. Bb1 b5 27. a3 Nc6 28. Qc2 Bxc3 29. Qxc3 Qb7 30. Qd2 Ne7 31. Qf2 Rd7 32. cxb5 Rxc1 33. Rxc1 Qxb5 34. f5 exf5 35. exf5 f6 36. b4 Bd5 37. Qd2 Kh7 38. g4 Bf3 39. g5 hxg5 40. Bxg5 Qe5 41. Bf4 Qd5 42. Qf2 Bxh5 43. Ba2 Qd3 44. Be6 Rd8 45. Qh4 Qd4+ 46. Kh2 Qb2+ 47. Kg1 Qd4+ 48. Kh2 Qb2+ 49. Kg1 Qd4+ 50. Kh2 Qb2+ 51. Kg1 1/2-1/2

[Event "COL-ch (Women)"]
[Site "Boyaca"]
[Date "2022.08.17"]
[Round "1"]
[White "Melgarejo Suarez, Aritna Valentina"]
[Black "Ocampo Betancur, Cristina Angela"]
[Result "1-0"]
[WhiteElo "1398"]
[BlackElo "1968"]
[PlyCount "63"]
[EventDate "2022.08.17"]
[EventType "swiss"]
[EventRounds "9"]
[EventCountry "COL"]
[SourceTitle "CBM 210 Extra"]
[Source "ChessBase"]
[SourceDate "2022.11.30"]
[SourceVersion "1"]
[SourceVersionDate "2022.11.30"]
[SourceQuality "1"]

1. e4 e5 2. Nf3 Nc6 3. Bc4 Bc5 4. c3 Nf6 5. d3 0-0 6. 0-0 d5 7. exd5 Nxd5 8. Re1 Bg4 9. Nbd2 Bb6 10. h3 Bh5 11. Ne4 Nf4 12. Ng3 Bg6 13. Bxf4 exf4 14. Ne4 Bh5 15. d4 a6 16. Bb3 h6 17. Qd3 Kh8 18. Bc2 f5 19. Ned2 Qf6 20. Nc4 Ba7 21. Nce5 Rad8 22. Ng4 Bxg4 23. hxg4 g6 24. gxf5 gxf5 25. Qd2 Qd6 26. Nh4 Ne7 27. Rxe7 Rf6 28. Rae1 Rg8 29. Bxf5 Rxf5 30. Nxf5 Qg6 31. Nh4 Qf6 32. Qd3 1-0

[Event "Iberoamerican-ch 8th"]
[Site "Mexico City"]
[Date "2022.02.17"]
[Round "7"]
[White "Diaz Gonzalez Jardon, Emmanuel"]
[Black "Ocampo Betancur, Cristina Angela"]
[Result "0-1"]
[WhiteElo "1807"]
[BlackElo "2024"]
[PlyCount "104"]
[EventDate "2022.02.12"]
[EventType "swiss"]
[EventRounds "9"]
[EventCountry "MEX"]
[SourceTitle "CBM 206 Extra"]
[Source "ChessBase"]
[SourceDate "2022.03.31"]
[SourceVersion "1"]
[SourceVersionDate "2022.03.31"]
[SourceQuality "1"]

1. d4 d5 2. Nf3 Nf6 3. e3 e6 4. Bd3 c5 5. c3 Nc6 6. 0-0 Bd6 7. Nbd2 0-0 8. Re1 e5 9. dxe5 Nxe5 10. Nxe5 Bxe5 11. Nf3 Bd6 12. b3 Bg4 13. h3 Bh5 14. Bb2 Re8 15. Qe2 Qc7 16. Bf5 Rad8 17. Qc2 Bxf3 18. gxf3 g6 19. Bd3 Nd7 20. c4 Be5 21. f4 Bxb2 22. Qxb2 d4 23. exd4 Rxe1+ 24. Rxe1 cxd4 25. b4 Nf6 26. f5 Qf4 27. fxg6 hxg6 28. Qc1 Qh4 29. Kg2 Kg7 30. Qa3 Nh5 31. Bf1 d3 32. Qb2+ Kg8 33. Rd1 Qxc4 34. Qe5 Qc6+ 35. Kg1 Qf3 36. Qg5 Rd5 37. Qg4 Qf6 38. Bg2 Rd4 39. Qc8+ Kg7 40. Qxb7 Nf4 41. a3 Qg5 42. Qf3 d2 43. Kh2 Rd3 44. Qe4 f5 45. Qb7+ Kh6 46. Qa8 Rd8 47. Qf3 Rd3 48. Qa8 Rd8 49. Qc6 Nd3 50. Bf3 Qf4+ 51. Kg2 Ne1+ 52. Kg1 Nd3 0-1